MARC보기
LDR00000nam c2200205 k 4500
001000000341318
00520260429153422
007ta
008260407s2026 ggkadg r 000a kor
020 ▼a 9791170752356 ▼g 93370 : ▼c \20000
040 ▼a 248032 ▼c 248032 ▼d 248032
0490 ▼l EM111956 ▼v 3 ▼l EM111957 ▼v 3 ▼c 2
056 ▼a 670.7 ▼2 4
090 ▼a 670.7 ▼b 한16ㅎ2
24520 ▼a 한국음악교육학회 학술총서. ▼n 3 ▼p (배우며 가르치는) 초등음악교육 / ▼d 한국음악교육학회 ; ▼e 김용희, ▼e 민경훈, ▼e 조순이, ▼e 주대창, ▼e 최은아, ▼e 권수미, ▼e 윤관기, ▼e 박지현, ▼e 정주연 공저
250 ▼a 개정판
260 ▼a 고양 : ▼b 어가, ▼c 2026
300 ▼a 253 p. : ▼b 천연색삽화, 표, 악보 ; ▼c 24 cm
49010 ▼a 한국음악교육학회 학술총서 ; ▼v 03
500 ▼a 한국음악교육학회 학술총서
500 ▼a (배우며 가르치는) 초등음악교육
504 ▼a 참고문헌(p. 245-253) 수록
525 ▼a 권말부록 : 2022 개정 초등 음악과 교육과정
653 ▼a 초등음악 ▼a 음악교육 ▼a 음악수업
7001 ▼a 김용희, ▼e 저
7001 ▼a 민경훈, ▼e 공저
7001 ▼a 조순이, ▼e 공저
7001 ▼a 주대창, ▼e 공저
7001 ▼a 최은아, ▼e 공저
7001 ▼a 권수미, ▼e 공저
7001 ▼a 윤관기, ▼e 공저
7001 ▼a 박지현, ▼e 공저
7001 ▼a 정주연, ▼e 공저
710 2 ▼a 한국음악교육학회
830 ▼a 한국음악교육학회 학술총서 ; ▼v 03
9500 ▼b \20000
990 ▼a 관리자2 ▼b 관리자2